[Event "Sofia MTel Masters 4th"]
[Site "Sofia"]
[Date "2008.05.15"]
[Round "7"]
[White "Cheparinov, Ivan"]
[Black "Aronian, Levon"]
[Result "1/2-1/2"]
[WhiteElo "2696"]
[BlackElo "2763"]
[Annotator "Marin,M"]
[PlyCount "89"]
[EventDate "2008.05.08"]
[EventType "tourn"]
[EventRounds "10"]
[EventCountry "BUL"]
[EventCategory "20"]
[SourceTitle "CBM 124"]
[Source "ChessBase"]
[SourceDate "2008.05.28"]
[SourceVersion "1"]
[SourceVersionDate "2008.05.28"]
[SourceQuality "1"]

1. e4 e5 2. Nf3 Nc6 3. Bb5 a6 4. Ba4 Nf6 5. O-O Be7 6. Re1 b5 7. Bb3 O-O 8. a4
b4 9. d3 d6 10. Nbd2 Na5 11. Ba2 c5 12. c3 Rb8 ({This is more popular and
possibly bettar than} 12... Nc6 {Anand,V (2792)-Grischuk,A (2726)/Mexico City
2007/CBM 120/[Marin,M] (1-0, 50)}) 13. d4 Qc7 14. dxe5 {White releases the
tension in the centre in order to ensure the c4-square for his knight.} (14.
Nf1 {was examined in the comments to the aforementioned game.}) 14... dxe5 15.
Nc4 Rd8 {The obvious drawback of the early exchange of pawns, but there is no
such thing as the perfect move in the well-analyzed opening variations...} 16.
Qe2 b3 $5 {The operation initiated by this move is likely to lead to the loss
of a pawn, but, hopefully, White's normal development will be slowed down.
From strategic point of view, Black is more or less forced to play so, in
order to prevent White from obtaining a perfect blockade on light squares.} 17.
Nxa5 {Forced.} (17. Bb1 $4 {would be an irremediable blunder, because after}
Nxc4 18. Qxc4 Be6 {followed by ...c4, White's would play the rest of the game
without his light-squared bishop and queen's rook. He cannot even get some
counterplay with} 19. Qxa6 {because after} c4 {the queen would share a similar
fate, being under the additional threat of being captured.}) 17... Qxa5 18. Bb1
c4 $5 $146 {The most consistent continuation. Black immediately gives up the
c-pawn, in order to keep the enemy bishop (and the a1-rook) passive for as
long as possible. At the same time, the c5-square is cleared for the black
pieces.} ({Half-measures would not work out well. After} 18... Qc7 $6 19. Bd3
$1 $14 {White achieved his main strategic aim.} a5 20. Bg5 {[%csl Rd5][%cal
Gg5f6,Gd3c4,Gf3d2]} Nh5 21. Be3 $1 {The exchange of the light-squared bishops
would relieve Black's position.} Bb7 22. Bc4 h6 (22... Bxe4 23. Ng5 Bg6 24.
Nxf7 Bxf7 25. Bxf7+ Kxf7 26. Qxh5+ Kg8 27. Rad1 $14 {leaves Black with lots of
weaknesses. However, White should be careful not to allow the far advanced
enemy pawns become mobile by tactical means (for instance, with ...Ba3, in
case of mass simplifications).}) 23. Nd2 Nf4 24. Bxf4 exf4 25. Nxb3 $16 {
Carlsen,M (2714)-Adams,M (2729)/Moscow 2007/EXT 2008 (1-0, 63)}) 19. Qxc4 ({
The main alternative is to capture with the knight:} 19. Nd2 Bg4 $5 20. Nxc4 (
20. f3 $2 Qc5+ 21. Kh1 Be6 $19 {[%csl Ra1,Rb1]}) 20... Qc5 21. Qf1 Be6 22. Ne3
{[%csl Rd5][%cal Gc3c4,Gb1d3] True, White's position temporarily looks passive,
but Black has to work out some tactical details in order to prevent the
favourable occupation of the d5-square by means of c4 and Nd5.}) 19... Bc5 {
This tempting move will eventually lead to simplifications. Since the highest
priority is to prevent the re-development of the b1-bishop, it would have made
sense to double rooks along the d-file as soon as possible. However, choosing
the optimal form to do it is far from easy.} ({For instance,} 19... Rb7 {
[%cal Gb7d7] may not be that good, because it would create some problems of
coordination after} 20. Qe2 Rbd7 21. h3 {[%cal Gc1e3]} (21. Be3 Ng4 $15) {
For instance} 21... Qc7 (21... Bb7 22. Qc4 {[%cal Gc4b3]}) 22. Be3 Bb7 23. a5 {
[%cal Ge3b6]} Bc5 24. Bxc5 Qxc5 25. Ra3 {[%cal Ga3b3]}) 20. h3 {With his
development incomplete yet, White has to be careful.} (20. Qe2 $6 Ng4 21. Rf1
Qb6 22. Bd2 (22. h3 Nxf2 $1) 22... a5 23. h3 Ba6 24. c4 Nxf2 25. Rxf2 Bxc4 26.
Qxc4 Bxf2+ 27. Kh1 Be3 $17) 20... Qb6 21. Be3 (21. Qe2 Qd6) 21... Bxe3 22. Rxe3
Rd1+ 23. Re1 Rxe1+ 24. Nxe1 {White's placement of his pieces does not look
that great, but he has maintained his extra pawn and enabled the
re-development of the bishop.} Be6 25. Qe2 Nd7 26. a5 Qd6 27. Bd3 Nc5 28. Bc4
Bxc4 29. Qxc4 g6 30. Nf3 Rd8 {Still, Black has stabilized the queenside
position, where he is a pawn down, maintaining firm control of the only open
file.} 31. Re1 Qc7 32. g3 Kg7 33. Re2 Rd3 34. Kg2 Qd6 35. Ng5 {The only wing
where White can hope to make some progress is the kingside.} (35. h4 {[%cal
Gh4h5] comes into consideration, too.}) 35... Qe7 36. Re3 $6 {White
unnecessarily spoils his pawn structure and weakens the king's position.} (36.
Nxf7 Qxf7 37. Qxc5 {is met by} Qf3+ {when White has to find the only saving
move} 38. Kh2 Qxe2 39. Qe7+ {with perpetual.} Kh6 40. Qf8+ Kh5 41. g4+ Kg5 $8
$11) ({He was under no immediate threat and could have started a slow
positional attack onthe kingside with} 36. h4 {for instance} Kg8 {What else?
Black is in some sort of zugzwang, with his pieces placed on optimal position
already.} (36... Rd1 $6 37. Re3 $1 {[%cal Ge3f3]} h6 38. Nxf7 Nd7 39. Qxb3 Rd2
40. Rf3 Nf6 41. g4 Nxg4 42. Qb8 Nf6 43. Nxe5 $16) (36... h6 $6 37. Nf3 Qd6 38.
h5 $36 {[%csl Rg6]}) 37. Nf3 Qd6 38. h5 $36 {In conclusion, the objective
merits of Black's novelty in this game are to be proved still.}) 36... Rxe3 37.
fxe3 Qd7 38. Nf3 Qd1 $1 $11 {Perpetual check cannot be avoided now.} 39. Qxc5
Qe2+ 40. Kg1 Qxf3 41. Qxe5+ Kg8 42. Qb8+ Kg7 43. Qe5+ Kg8 44. Qb8+ Kg7 45. Qe5+
1/2-1/2

[Event "Moscow Tal Memorial 7th"]
[Site "Moscow"]
[Date "2012.06.12"]
[Round "4"]
[White "Caruana, Fabiano"]
[Black "Tomashevsky, Evgeny"]
[Result "1-0"]
[WhiteElo "2770"]
[BlackElo "2738"]
[Annotator "Marin,M"]
[PlyCount "63"]
[EventDate "2012.06.08"]
[EventType "tourn"]
[EventRounds "9"]
[EventCountry "RUS"]
[EventCategory "22"]
[SourceTitle "CBM 149"]
[Source "ChessBase"]
[SourceDate "2012.07.17"]
[SourceVersion "1"]
[SourceVersionDate "2012.07.17"]
[SourceQuality "1"]

1. e4 e5 2. Nf3 Nc6 3. Bb5 a6 4. Ba4 Nf6 5. O-O Be7 6. Re1 b5 7. Bb3 O-O 8. a4
b4 {Looking back at the number of games I have annotated over the past years,
I can safely conclude that this variation has been repeated quite intensively.}
9. d3 (9. a5 {Ponomariov,R (2703)-Aronian,L (2741) Moscow 2006 CBM 116 [Marin]
(1/2, 25)}) (9. d4 {Nisipeanu,L (2668)-Sokolov,I (2673) Kemer 2007 CBM 121 
[Marin,M] (1-0, 35)}) 9... d6 10. Nbd2 Na5 (10... Be6 {Leko,P (2751)-Grischuk,
A (2726) Mexico City 2007 CBM 120 [Marin,M] (1-0, 60)}) 11. Ba2 c5 12. c3 Rb8 (
12... Nc6 {Anand,V (2792)-Grischuk,A (2726) Mexico City 2007 CBM 120 [Marin,M]
(1-0, 50)}) 13. d4 {We have reached a position that is typical for the
Chigorin Variation. There are some small differences, though. Having played
d2-d4 in two moves, White did not have the time to insert h2-h3, which offers
Black the possibility to undermine the impressive centre with ...Bg4. The
a2-bishop stands more actively than in a normal Chigorin, but at the same time
it is exposed to being completely cut off from the play with ...b3 and ...c4.}
Qc7 {Strategically, a consistent move, maintaining the tension. In practice,
several ways of releasing the tension have been tried.} (13... bxc3 14. bxc3
cxd4 15. cxd4 Nc6 (15... Bb7 $6 {leaves the bishop misplaced after} 16. d5 $1
Qd7 17. Bb1 Bd8 18. Bd3 Bb6 19. Ba3 $14 {Kholmov,R (2445)-Rajskij,E (2420)/
Warsaw 1991/EXT 97 (1-0, 28)}) (15... Nd7 {weakens Black's control in the
centre, allowing White to build up his position freely.} 16. Ba3 exd4 17. Nxd4
Ne5 18. Nf1 Nec6 19. Ne3 $16 {Efimenko,Z (2654)-Jenni,F (2500)/Novi Sad 2009/
CBM 133 (1/2, 41)}) 16. Ba3 Nxd4 17. Nxd4 exd4 18. Nf3 Bb7 19. Qd3 (19. Qxd4
Nxe4 $1 20. Rxe4 $2 Bf6 $1) 19... d5 20. Bxe7 Qxe7 21. exd5 {Rather dull.} (21.
e5 Ne4 22. Qxd4 {[%csl Gb7] may be worth a try.}) 21... Qd8 22. Rab1 Bxd5 23.
Rxb8 Qxb8 24. Bxd5 Nxd5 25. Qxd4 Nf6 26. h3 Qc7 $11 {Despite the final result
in Dominguez,L (2708)-Pelletier,Y (2569) Biel 2008 CBM 126 (1-0, 56), the
position looks rather drawish.}) (13... cxd4 14. cxd4 Qc7 (14... Nc6 15. h3
exd4 16. Nb3 Bb7 17. Bf4 Rc8 18. Nbxd4 $14 {Wang,J (2275)-Nie,X (1970)/Ningbo
2011/CBM 141 Extra (1-0, 34)}) 15. Nb3 (15. b3 Nd7 16. Bb2 Bf6 17. Rc1 Qb6 18.
Nc4 Nxc4 19. Rxc4 Bb7 20. Bb1 Rbc8 21. Rxc8 {1/2 Palac,M (2587)-Banusz,T (2481)
/Trieste 2008/CBM 126 Extra}) 15... Nxb3 16. Bxb3 Bg4 17. Bg5 exd4 18. Qxd4
Bxf3 19. gxf3 Nh5 20. Rac1 Qd7 21. Bxe7 Qxe7 22. e5 {In Carlsen,M (2815)
-Karjakin,S (2776)/Monte Carlo 2011/CBM 142/[Moradiabadi] (1-0, 34), White's
initiative eventually prevailed over Black's kingside strategic plusses.}) ({
Practice has not offered a clue as to what to do against} 13... Bg4 {yet.} 14.
h3 (14. Qe2 {Kupreichik,V (2500)-Piket,J (2630)/Germany 1998/CBM 063/[Piket] 
(0-1, 37)}) 14... Bxf3 15. Nxf3 b3 16. Bb1 Qc7 17. d5 c4 {Kulaots,K (2556)
-Bartel,M (2602)/Gjovik 2009/CBM 128 Extra (1/2, 70). With two of his pieces
immobilised on the queenside, White is doomed forever and probably lost.
However, Black needs some effort and accuracy in order to prova that.}) 14.
dxe5 dxe5 15. Nc4 {If White could stabilise the position, he would get a
decisive strategic advantage. Black needs to react quickly.} Rd8 16. Qe2 b3 $5
17. Nxa5 Qxa5 (17... bxa2 18. Nc4 Be6 19. Nfd2 ({There is no obvious
refutation to} 19. Nfxe5 $5 {, snatching an important pawn.}) 19... Nd7 20. b3
Nb6 21. Ne3 c4 $132 {Efimenko,Z (2706)-Onischuk,A (2675)/Ningbo 2011/CBM 144 
(1/2, 58)}) 18. Bb1 c4 {A necessary sacrifice, fighting against the blockade
on c4..} (18... Qc7 19. Bd3 a5 20. Bg5 Nh5 21. Be3 Bb7 22. Bc4 $14 {allowed
White a perfect regrouping in Carlsen,M (2714)-Adams,M (2729)/Moscow 2007/EXT
2008 (1-0, 63)}) 19. Qxc4 Rb7 $146 {Black hurries to take over the control of
the d-file in order to cause White problems with redeveloping the b1-bishop. I
analyzed this move in my notes to the Cheparinov-Aronian (see below),
concluding that it is not quite sufficient for equality. This game will not
question my evaluation at all..} (19... Bc5 20. Be3 (20. h3 Qb6 21. Be3 {
Cheparinov,I (2696)-Aronian,L (2763)/Sofia 2008/CBM 124/[Marin,M] (1/2, 45)})
20... Bxe3 21. Rxe3 Rd1+ 22. Re1 Be6 23. Qf1 Rxe1 24. Nxe1 Nd7 25. Bd3 Nc5 26.
Qe2 Rd8 27. Bc4 {Prathamesh,S (2392)-Pashikian,A (2611)/Al Ain 2008/CBM 127
Extra (1/2, 46). In view of his better coordination, Black has reasonable
compensation for the missing pawn.}) 20. Qe2 Rbd7 21. h3 $1 {White finally has
to play this typical Ruy Lopez move, this time with the aim of preventing ...
Ng4 (and not ...Bg4 as usual).} (21. Be3 Ng4 $15) 21... Rd6 {This finally
comes as a novelty with respect to my comments.} ({I examined only} 21... Qc7
22. Be3 Bb7 23. a5 {[%cal Ge3b6]} Bc5 24. Bxc5 Qxc5 25. Ra3 {[%cal Ga3b3]}) ({
and} 21... Bb7 22. Qc4 {[%cal Gc4b3]}) 22. Be3 h6 $2 {Rather pointless and
definitely too slow.} ({The best chance to get some counterplay would have been
} 22... Nh5 $5 {threatening ...Nf4 and clearing the sixth rank for the rook.})
23. Nd2 Be6 24. Nc4 Qc7 {Desperation.} ({Black does not get anywhere after} 
24... Bxc4 25. Qxc4 Rd1 26. Kf1 $1 $16 {followed by Qxb3, which would free
White's pieces.}) 25. Nxd6 Qxd6 26. a5 Rd7 27. c4 $18 {The advance of the
c-pawn prevents Black from maintaining the domination along the d-file. White
will soon develop and retain a decisive material advantage.} Qb4 28. Bd3 Bc5
29. Red1 Rc7 30. Bxc5 Qxc5 31. Qe1 Kf8 32. Qc3 1-0

[Event "World-ch Tournament"]
[Site "Mexico City"]
[Date "2007.09.27"]
[Round "12"]
[White "Svidler, Peter"]
[Black "Anand, Viswanathan"]
[Result "1/2-1/2"]
[WhiteElo "2735"]
[BlackElo "2792"]
[Annotator "Marin,M"]
[PlyCount "44"]
[EventDate "2007.09.13"]
[EventType "tourn"]
[EventRounds "14"]
[EventCountry "MEX"]
[EventCategory "21"]
[SourceTitle "CBM 120"]
[Source "ChessBase"]
[SourceDate "2007.10.02"]
[SourceVersion "1"]
[SourceVersionDate "2007.10.02"]
[SourceQuality "1"]

1. e4 e5 2. Nf3 Nc6 3. Bb5 a6 4. Ba4 Nf6 5. O-O Be7 6. Re1 b5 7. Bb3 O-O {
Given the tournament situation, Anand chooses the safe (nowadays) Marshall
Attack. A couple of decades ago, this comment would have been pure nonsense.
Teniendo en cuenta la situación favorable en el torneo, Anand elije el seguro 
(hoy en día) Ataque Marshall. Hace unas docenas de años, este comentarío no
hubiera tenido ningún sentido.} 8. h3 Bb7 9. d3 Re8 10. a4 h6 {Black is in no
hurry to consolidate his centre with ...d6, because he wants to keep the
possibility ...d5, in the spirit of the Marshall Attack in reserve. Besides,
the a3-f8 diagonal could be useful still, in case of an eventual Nc3, which
could eventually be answered with ...Bb4. White will try to combine the
pressure against the b5-pawn with the central plan c3 and d4, although this is
connected with a loss of time. Curiously, the variation had been seen twice
this year in games played between the same opponents, but with... reversed
colours.} 11. axb5 {It is not easy to decide which is the correct move order.}
({En Wijk aan Zee 2007, la partida entre los mismos contrincantes, pero con
colores inversos, continuó} 11. c3 b4 {Anand,V (2779)-Svidler,P (2728)/Wijk
aan Zee 2007/CBM 117/[Marin] (1-0, 21)}) (11. Nbd2 Bf8 12. c3 {Anand,V (2779)
-Svidler,P (2728)/Morelia/Linares 2007/CBM 117/[Mihail Marin] (1/2-1/2, 47)})
11... axb5 12. Rxa8 Bxa8 13. c3 Bf8 ({Deviating from another game where
Svidler had black and which continued} 13... d6 {White immediately took
advantage of the fact that the a3-f8 diagonal has been closed and answered} 14.
Na3 {Ivanchuk,V (2750)-Svidler,P (2728)/Morelia/Linares 2007/CBM 117/[Mihail
Marin] (1/2-1/2, 44). True, this did not offer him an objective advantage.})
14. d4 d6 {Finally consolidating the centre, now that the possibility of ...d5
has been physically removed. The position is typical for the Zaitsev system.
La posición se ha vuelto típica para la Variante Zaitsev.} ({What about the
e4-pawn? Is it not hanging? The first thought is that} 14... exd4 {is simply
bad because of} 15. e5 {, winning space for White in the centre. However,
Black can answer with the unexpected} Na5 $5 {, maintaining a playable
position.} 16. Bc2 {The only way to keep Black under pressure.} (16. exf6 $2 {
is simply bad because almost all White's pieces are hanging:} Bxf3 17. Rxe8
Qxe8 18. gxf3 Nxb3 19. Qxb3 Qe1+ 20. Kg2 Qxc1 21. Na3 d3 $19) (16. Ba2 {
leaves the e4-square available to the knight.} Ne4 17. cxd4 d5 $132 {and
Black's position looks normal.}) 16... Bxf3 17. gxf3 (17. Qxf3 Nc6 $1 $15 {
maintains Black's material advantage, without making any important concession.}
) 17... Nd5 18. Qxd4 $14 {White has advantage of space in the centre and a
mighty pair of bishops. However, he is slightly underdeveloped (which is
compensated by the fact that Black's already developed knights are unstable)
and has kingside weaknesses. Generally, the position looks shaky for Black and
it is not the kind of stuff one should embark in when a draw brings you closer
to the World Crown.}) 15. d5 {After Black's previous move, the threat against
the e4-pawn became real. Therefore, White should do something about it.
Svidler's move looks like a radical solution, but half-measures seem to offer
Black good counterplay in the centre. Which is quite logical, since he is in
fact a tempo up compared to the normal variations.} (15. Bc2 exd4 16. cxd4 Nb4
$132 {[%csl Gc2]}) (15. Nbd2 exd4 16. cxd4 Nb4 17. d5 c6 $132) 15... Na5 16.
Ba2 c6 17. Na3 {Black has the more flexible structure, but White intends to
play b4, forcing ...Nb7, when the knight would remain passive for a long time.
Las negras tienen estructura más flexible, pero las blancas amenazan con b4,
cuando la retirada ...Cb7 dejaría al caballo pásivo por largo rato.} Qc7 $1 {
Solving the problems of coordination by simple tactical means. Resolviendo los
problemas de coordinación por medios tácticos sencillos.} 18. Qe2 (18. b4 {
would be answered by sería contestado por} Nc4 {, for instance por ejemplo} 19.
Nxc4 bxc4 20. Bxc4 $2 (20. dxc6 $11) 20... cxd5 21. Bxd5 Nxd5 22. exd5 Qc4 {
recovering the pawn with excellent play. recuperando el peón con excelente
juego.}) (18. dxc6 Bxc6 {[%cal Yc7b7] would solve Black's problems of piece
coordination.}) 18... cxd5 19. Nxb5 Qd7 20. exd5 Bxd5 21. Bxd5 Nxd5 22. Rd1 Nf6
{In the long run, Black's centre should offer him the better chances, but a
draw brings Anand a step closer to his goal. A largo plazo, los peones
centrales les asegurarían a las negras mejores posibilidades, pero unas tablas
le acercan a Anand a su meta.} 1/2-1/2